000 01723cam a22003974i 4500
003 PE-LiUPU
005 20250731183422.0
008 150625s r 000 0 d
020 _a8445500805
035 _a(Sirsi) i9788445500804
040 _aPE-LiUPU
_bspa
_cPE-LiUPU
_erda
049 _aPRUA
082 0 4 _a720.11
_bZ76
_221
100 1 _aZevi, Bruno,
_eautor.
245 1 0 _aSaber ver la arquitectura :
_bensayo sobre la interpretación espacial de la arquitectura /
_cBruno Zevi.
264 1 _aBarcelona :
_bApóstrofe,
_c1998.
300 _a222 páginas :
_bilustraciones ;
_c21 centímetros
336 _atext
_2rdacontent
337 _aunmediated
_2rdamedia
338 _avolume
_2rdacarrier
490 0 _aPoseidón
504 _aIncluye bibliografía.
505 0 _aLa ignorancia de la arquitectura. -El espacio, protagonista de la arquitectura. -La representación del espacio. -Las diversas edades del espacio. -Las interpretaciones de la arquitectura. -Para una historia moderna de la arquitectura.
526 _aP158
526 _aP146
526 _aP17
526 _aP12
526 _aP06
541 _g015-0010011;
650 0 4 _aEspacio (Arquitectura).
942 _2ddc
_cBOOK
949 _a720.11 Z76
_wDEWEY
_c1
_i59337
_d2016-10-2
_e2016-9-28
_lCCODEBUL1
_mBUL
_n2
_p51.00
_r0
_sY
_tBOOK
_u2015-6-25
_xINGENIERIA
_PP06
_0COMPRA
_o.STAFF. Colección General
994 _aC0
_bPEPRU
596 _a1
999 _a720.11 Z76
_wDEWEY
_c48126
_i59337
_d48126
_e2019-9-24
_f2021-11-9
_g7
_lCCODEBUL1
_mBUL
_n25
_p51.00
_q2
_r0
_sY
_tBOOK
_u2015-6-25
_xINGENIERIA
_PP06
_0COMPRA
_o.STAFF. Colección General
980 _81
_gALBERTO SANCHEZ Responsable de Automatización